Loreto College Library, Kolkata
WEBOPAC (ONLINE PUBLIC ACCESS CATALOGUE)

Concept of National Education in India, (Record no. 9057)

MARC details
000 -LEADER
fixed length control field 00497nam a2200181Ia 4500
005 - DATE AND TIME OF LATEST TRANSACTION
control field 20240224113719.0
008 - FIXED-LENGTH DATA ELEMENTS--GENERAL INFORMATION
fixed length control field 131103s9999 xx 000 0 und d
040 ## - CATALOGING SOURCE
Original cataloging agency Loreto College
041 ## - LANGUAGE CODE
Language code English
082 ## - DDC | ডিউই
Classification number | বর্গসংখ্যা 370.954
Book Number | গ্রন্থাঙ্ক CON
245 ## - TITLE STATEMENT | অাখ্যা বিবরণী
Title | অাখ্যা Concept of National Education in India,
Statement of responsibility | লেখকের দায়িত্বের বিবরণ National Council of Education
260 ## - IMPRINT | প্রকাশনা ক্ষেত্র
Place of publication | প্রকাশ স্থান Calcutta
Name of publisher | প্রকাশকের নাম The Secretary
Date of publication | প্রকাশ কাল [1967]
300 ## - PHYSICAL DESCRIPTION |
Page / Vol. No | পৃষ্ঠা / খন্ড সংখ্যা 124 p.
Other physical details | অনান্য বাহ্যিক বিবরণ ill.,tables
650 ## - SUBJECT ADDED ENTRY--TOPICAL TERM | বিষয় শিরোনাম - মূল বিষয়
Topical term | মূল বিষয় Education
651 ## - SUBJECT ADDED ENTRY--GEOGRAPHIC NAME | বিষয় শিরোনাম - ভৌগলিক নাম
Geographic name | ভৌগলিক বিষয় India - Education
850 ## - HOLDING INSTITUTION
Holding institution LCLIB
942 ## - ADDED ENTRY ELEMENTS (KOHA)
Koha item type Books
Holdings
Withdrawn status Lost status Source of classification Damaged status Not for loan Home library Current library Date acquired Total Checkouts Full call number Accession No. Date last seen Price effective from Koha item type Coded location qualifier
    Dewey Decimal Classification     Loreto College Loreto College 04/11/2013   370.954 CON 26048 B8933 04/11/2013 04/11/2013 Books